[Event "London Classic Women Inv"]
[Site "London ENG"]
[Date "2012.12.02"]
[Round "2"]
[White "Kalaiyalahan,Akshaya"]
[Black "Daulyte,D"]
[Result "1/2-1/2"]
[BlackTitle "WGM"]
[WhiteElo "1750"]
[BlackElo "2212"]
[WhiteFideId "422894"]
[BlackFideId "12802859"]
[EventDate "2012.12.01"]

1. d4 Nf6 2. Nf3 g6 3. g3 Bg7 4. Bg2 O-O 5. c4 d5 6. O-O Nc6 7. Na3 Bf5 8. Bf4
Be4 9. c5 Nh5 10. Be3 Qd7 11. Qd2 Rfe8 12. Rfd1 a5 13. Rac1 Rad8 14. b3 Qc8 15.
Nb5 Bf6 16. Bg5 Bh8 17. Qe1 Ng7 18. Bd2 Ne6 19. Bc3 Qa8 20. a4 b6 21. cxb6 cxb6
22. Qd2 Qb7 23. Qb2 Rc8 24. Bh3 Bxf3 25. exf3 f5 26. f4 Qd7 27. Bg2 Bf6 28. Qd2
Red8 29. Qe3 Nc7 30. Nxc7 Rxc7 31. Bb2 Rdc8 32. h3 Nb4 33. Rxc7 Rxc7 34. Rd2 Kg7
35. Qe2 Qd6 36. h4 h5 37. Qf3 e6 38. Qe3 Kf7 39. Bf1 Qd8 40. Be2 Qc8 41. Bd1 Na2
42. Kg2 Be7 43. Qe2 Nc3 44. Bxc3 Rxc3 45. Qb5 Qc7 46. Bf3 Qc6 47. Qxc6 Rxc6 48.
Be2 Rc3 49. Bd1 Bb4 50. Kf1 Ke7 51. Ke2 Kd6 52. Rd3 Rc1 53. Ke3 Kc6 54. Ke2 Rb1
55. Kf3 Rb2 56. Ke3 Be1 57. Be2 Kd6 58. Kf3 Bd2 59. Bd1 Kc6 60. Be2 Ra2 61. Bf1
Rc2 62. Be2 1/2-1/2

[Event "London Classic Women Inv"]
[Site "London ENG"]
[Date "2012.12.02"]
[Round "2"]
[White "Owens,M"]
[Black "Mareckova,M"]
[Result "1/2-1/2"]
[BlackTitle "WF"]
[WhiteElo "1847"]
[BlackElo "2080"]
[WhiteFideId "1801996"]
[BlackFideId "327930"]
[EventDate "2012.12.01"]

1. c4 Nf6 2. g3 g6 3. Bg2 Bg7 4. Nc3 O-O 5. d4 d6 6. Nf3 Nbd7 7. O-O e5 8. e4
exd4 9. Nxd4 a6 10. h3 Rb8 11. Bg5 h6 12. Be3 Ne5 13. b3 c5 14. Nde2 Qe7 15. Qd2
Bxh3 16. f4 Bxg2 17. fxe5 Nxe4 18. Nxe4 Bxe4 19. exd6 Qd7 20. Rad1 Qh3 21. Kf2
b6 22. d7 Rfd8 23. Qd6 Qf5+ 24. Ke1 Qe5 25. Qxe5 Bxe5 26. Bxh6 Rb7 27. Bf4 Bg7
28. Bg5 Rdxd7 29. Rxd7 Rxd7 30. Bf6 Bd3 31. Bxg7 Kxg7 32. Rf3 f5 33. Re3 Kf6 34.
Nc3 b5 35. Nd5+ Rxd5 36. cxd5 Be4 37. Rc3 Ke5 38. Rxc5 Bxd5 39. Kd2 g5 40. Rc8
f4 41. Re8+ Kd4 42. gxf4 gxf4 43. Re7 Kc5 44. Kd3 a5 45. Rc7+ Kb6 46. Rc2 f3 47.
Kd4 Bc6 48. a3 Bb7 49. b4 axb4 50. axb4 Bc6 1/2-1/2

[Event "London Classic Women Inv"]
[Site "London ENG"]
[Date "2012.12.02"]
[Round "2"]
[White "Reppen,E"]
[Black "Sandu,Mi"]
[Result "0-1"]
[BlackTitle "WGM"]
[WhiteElo "2001"]
[BlackElo "2199"]
[WhiteFideId "1504959"]
[BlackFideId "1204327"]
[EventDate "2012.12.01"]

1. e4 c5 2. Nf3 d6 3. d4 cxd4 4. Nxd4 Nf6 5. Nc3 a6 6. Bg5 e6 7. f4 Qc7 8. Qe2
Nbd7 9. O-O-O b5 10. g3 b4 11. Nd5 exd5 12. exd5+ Be7 13. Nc6 Nb8 14. Bxf6 gxf6
15. Re1 Nxc6 16. dxc6 Be6 17. Bg2 Kf8 18. Rhf1 f5 19. Qh5 Bf6 20. g4 Qa5 21. c7
Rc8 22. Bc6 Bxb2+ 23. Kd1 Qxc7 24. c3 Qxc6 25. Qh6+ Ke8 26. Rxe6+ fxe6 27. Qxe6+
Kd8 28. Re1 Qf3+ 29. Re2 Qf1+ 0-1

[Event "London Classic Women Inv"]
[Site "London ENG"]
[Date "2012.12.03"]
[Round "3"]
[White "Sandu,Mi"]
[Black "Miturova,M"]
[Result "1/2-1/2"]
[WhiteTitle "WGM"]
[BlackTitle "WF"]
[WhiteElo "2199"]
[BlackElo "2157"]
[WhiteFideId "1204327"]
[BlackFideId "330221"]
[EventDate "2012.12.01"]

1. e4 e5 2. Nf3 Nc6 3. Bc4 Nf6 4. d4 exd4 5. e5 d5 6. Bb5 Nd7 7. O-O Be7 8. Bxc6
bxc6 9. Qxd4 O-O 10. Re1 f6 11. Bf4 fxe5 12. Nxe5 Bc5 13. Qd2 Nxe5 14. Rxe5 Bd6
15. Bg5 Qd7 16. Re1 Qf7 17. Bh4 Rb8 18. c3 Ba6 19. Na3 Bf4 20. Qc2 Qh5 21. Bg3
Bxg3 22. hxg3 Rf6 23. Rad1 Rh6 24. f3 Qh2+ 25. Kf2 Rh3 26. Rh1 Qxg3+ 27. Kg1
Rxh1+ 28. Kxh1 Re8 29. c4 h5 30. Kg1 h4 31. Qf2 Qg5 32. Re1 Rxe1+ 33. Qxe1 h3
34. g3 Bb7 35. Kh2 c5 36. Kxh3 d4 37. Kg2 Qf5 38. Qe8+ Kh7 39. Qe2 d3 40. Qd1 d2
41. Qxd2 Qxf3+ 42. Kg1 Qh1+ 43. Kf2 Qg2+ 44. Ke1 Qxg3+ 45. Kd1 Bf3+ 46. Kc1 Qg1+
47. Kc2 Qg2 48. Qxg2 Bxg2 49. Nb5 g5 50. Nc3 g4 51. Kd2 1/2-1/2

[Event "London Classic Women Inv"]
[Site "London ENG"]
[Date "2012.12.03"]
[Round "3"]
[White "Mareckova,M"]
[Black "Reppen,E"]
[Result "1/2-1/2"]
[WhiteTitle "WF"]
[WhiteElo "2080"]
[BlackElo "2001"]
[WhiteFideId "327930"]
[BlackFideId "1504959"]
[EventDate "2012.12.01"]

1. e4 e5 2. Nf3 Nc6 3. Bc4 Bc5 4. O-O Nf6 5. d4 Bxd4 6. Nxd4 Nxd4 7. f4 d6 8.
fxe5 dxe5 9. Bg5 Be6 10. Na3 Qd6 11. Bxf6 gxf6 12. c3 Nc6 13. Qxd6 cxd6 14. Rxf6
Ke7 15. Raf1 Raf8 16. Bxe6 fxe6 17. Rxf8 Rxf8 18. Rxf8 Kxf8 19. Nc4 Ke7 20. Kf2
b5 21. Ne3 Kf6 22. Kf3 a6 23. g3 Ne7 24. Ng4+ Kg6 25. Nf2 Nc6 26. Nd3 a5 27. Ke3
Kf6 28. h4 h5 29. Nf2 a4 30. Kd3 Na5 31. g4 hxg4 32. Nxg4+ Kg6 33. Nh2 Kh5 34.
Nf3 Nb7 35. Ke3 Na5 36. Kd3 Nb7 37. Ke3 Na5 38. Kd3 1/2-1/2

[Event "London Classic Women Inv"]
[Site "London ENG"]
[Date "2012.12.03"]
[Round "3"]
[White "Smith,O"]
[Black "Owens,M"]
[Result "1-0"]
[WhiteTitle "WF"]
[WhiteElo "2018"]
[BlackElo "1847"]
[WhiteFideId "411850"]
[BlackFideId "1801996"]
[EventDate "2012.12.01"]

1. e4 c5 2. Nf3 g6 3. Bc4 Bg7 4. d3 Nc6 5. a4 d6 6. h3 Bd7 7. Nc3 Nf6 8. Bd2 Rc8
9. O-O O-O 10. Qc1 Nd4 11. Nxd4 cxd4 12. Nb5 Bxb5 13. axb5 Nxe4 14. Bxf7+ Rxf7
15. dxe4 Qb6 16. c4 dxc3 17. Bxc3 Rc4 18. Qe1 Bxc3 19. bxc3 Qc5 20. Ra2 e6 21.
Rd2 Rc7 22. Qd1 Rd7 23. Qb3 Rxe4 24. Rd4 Re5 25. Qa4 b6 26. Rfd1 Qxc3 27. Rc4
Re1+ 28. Kh2 Qe5+ 29. f4 Qe3 30. Rxe1 Qxe1 31. Rc8+ Kf7 32. Qd4 e5 33. Qd5+ Kg7
34. Qg8+ Kf6 35. Rf8+ Ke7 36. Qf7# 1-0

[Event "London Classic Women Inv"]
[Site "London ENG"]
[Date "2012.12.08"]
[Round "3"]
[White "Daulyte,D"]
[Black "Olsarova,T"]
[Result "1-0"]
[WhiteTitle "WGM"]
[BlackTitle "WIM"]
[WhiteElo "2212"]
[BlackElo "2267"]
[WhiteFideId "12802859"]
[BlackFideId "325449"]
[EventDate "2012.12.01"]

1. e4 e5 2. Nf3 Nc6 3. Nc3 Bb4 4. Bb5 Nd4 5. Bc4 d6 6. Nxd4 exd4 7. Qh5 Qd7 8.
Nd5 Bc5 9. b4 Bb6 10. Bb2 c5 11. bxc5 dxc5 12. Bxd4 Kf8 13. Bc3 Bd8 14. a4 b6
15. O-O f6 16. Nf4 Qe8 17. Qd5 Bc7 18. Qxa8 1-0

[Event "London Classic Women Inv"]
[Site "London ENG"]
[Date "2012.12.03"]
[Round "3"]
[White "Bhatia,K"]
[Black "Kalaiyalahan,Akshaya"]
[Result "1/2-1/2"]
[WhiteTitle "WF"]
[WhiteElo "2057"]
[BlackElo "1750"]
[WhiteFideId "407496"]
[BlackFideId "422894"]
[EventDate "2012.12.01"]

1. e4 c5 2. Nf3 e6 3. c3 a6 4. d4 d5 5. exd5 exd5 6. Be3 c4 7. Be2 Nf6 8. O-O
Be7 9. b3 cxb3 10. axb3 O-O 11. c4 Nc6 12. Nc3 Bf5 13. Nh4 Be6 14. Nf3 Bf5 15.
Bg5 Ne4 16. Nxe4 dxe4 17. Bxe7 Qxe7 18. Ne1 Rad8 19. d5 Ne5 20. Qd4 Rfe8 21. Rd1
Ng6 22. Qe3 Qe5 23. Nc2 Nf4 24. Nd4 Rd6 25. Nxf5 Qxf5 26. Kh1 Rg6 27. g3 Nxe2
28. Qxe2 Qh3 29. d6 Rh6 30. f3 Qd7 31. c5 e3 32. Rd3 Rhe6 33. Re1 h5 34. Qc2 h4
35. g4 h3 36. Qe2 Re5 37. b4 a5 38. bxa5 Rxc5 39. Qf1 Rxa5 40. Qxh3 Ra6 41. Qg3
Re6 42. Rdxe3 Rxe3 43. Rxe3 Rxd6 44. Re8+ Qxe8 45. Qxd6 Qe1+ 46. Kg2 Qe2+ 47.
Kg3 Qe1+ 48. Kg2 Qe8 49. Qb6 Qc8 50. Kf2 Kf8 51. Qd6+ Kg8 52. Qb6 Qb8 53. h3
Qh2+ 54. Ke1 Qg3+ 55. Kd2 Qg2+ 56. Ke1 Qg3+ 57. Kd2 Qb8 58. Kd3 Qc8 59. f4 Qd7+
60. Kc4 Qa4+ 61. Kc5 Qxf4 62. Qxb7 Qe3+ 63. Kd6 Qxh3 64. Qc8+ Kh7 65. Qf5+ Kh8
66. Qc8+ Kh7 67. Qf5+ 1/2-1/2

[Event "London Classic Women Inv"]
[Site "London ENG"]
[Date "2012.12.04"]
[Round "4"]
[White "Miturova,M"]
[Black "Kalaiyalahan,Akshaya"]
[Result "1-0"]
[WhiteTitle "WF"]
[WhiteElo "2157"]
[BlackElo "1750"]
[WhiteFideId "330221"]
[BlackFideId "422894"]
[EventDate "2012.12.01"]

1. e4 c5 2. d4 cxd4 3. c3 d3 4. Bxd3 d6 5. Nf3 Nf6 6. O-O g6 7. h3 Bg7 8. c4 Nc6
9. Nc3 O-O 10. Be3 Nd7 11. Rc1 Nc5 12. Bb1 Be6 13. b3 h6 14. Nd4 Bd7 15. Nxc6
Bxc6 16. Bd4 e5 17. Be3 Qe7 18. Nd5 Qh4 19. Qg4 Qxg4 20. hxg4 Bd7 21. f3 Ne6 22.
Rfd1 Nd4 23. Bxd4 exd4 24. Nf4 b5 25. Bd3 Rab8 26. Ne2 Rfc8 27. cxb5 Rxc1 28.
Rxc1 Bxb5 29. Rd1 Bxd3 30. Rxd3 Rb4 31. a3 Rb6 32. b4 d5 33. exd5 Rd6 34. Nf4 g5
35. Nh5 Rxd5 36. Kf2 Kh7 37. a4 Be5 38. f4 gxf4 39. Kf3 Rd8 40. Nxf4 Rb8 41. b5
a6 42. Rb3 axb5 43. axb5 Kg7 44. b6 Kf6 45. Nd3 Bd6 46. b7 Ke6 47. Ke4 Kd7 48.
Kxd4 Kc6 49. Ne5+ Bxe5+ 50. Kxe5 Kd7 51. Kf6 Ke8 52. Re3+ Kf8 53. Re7 Rd8 54.
Rxf7+ Kg8 55. Rc7 1-0

[Event "London Classic Women Inv"]
[Site "London ENG"]
[Date "2012.12.04"]
[Round "4"]
[White "Olsarova,T"]
[Black "Bhatia,K"]
[Result "1-0"]
[WhiteTitle "WIM"]
[BlackTitle "WF"]
[WhiteElo "2267"]
[BlackElo "2057"]
[WhiteFideId "325449"]
[BlackFideId "407496"]
[EventDate "2012.12.01"]

1. e4 e5 2. Nc3 Nf6 3. Bc4 Bc5 4. d3 d6 5. f4 Bg4 6. Nf3 Nc6 7. Na4 Qe7 8. Nxc5
dxc5 9. Bb5 Nd7 10. Bxc6 bxc6 11. O-O O-O 12. h3 Bxf3 13. Qxf3 c4 14. Qg3 cxd3
15. cxd3 Rad8 16. Bd2 f5 17. Rae1 Qc5+ 18. Kh2 fxe4 19. dxe4 Rf6 20. f5 Rd6 21.
Qb3+ Kh8 22. Bb4 Qb5 23. Bxd6 Qxb3 24. axb3 cxd6 25. Ra1 Nc5 26. Rfe1 Ra8 27.
Re3 Kg8 28. b4 Nb7 29. Ra6 c5 30. b5 c4 31. Rea3 Nc5 32. Rxa7 Rxa7 33. Rxa7 Nxe4
34. b6 Nc5 35. b7 1-0

[Event "London Classic Women Inv"]
[Site "London ENG"]
[Date "2012.12.04"]
[Round "4"]
[White "Owens,M"]
[Black "Daulyte,D"]
[Result "0-1"]
[BlackTitle "WGM"]
[WhiteElo "1847"]
[BlackElo "2212"]
[WhiteFideId "1801996"]
[BlackFideId "12802859"]
[EventDate "2012.12.01"]

1. c4 Nf6 2. g3 e5 3. Bg2 d5 4. cxd5 Nxd5 5. Nc3 Nb6 6. Nf3 Nc6 7. O-O Be7 8. d3
O-O 9. Ne1 Nd4 10. Nc2 c6 11. e3 Nxc2 12. Qxc2 Bf5 13. Ne4 Qd7 14. Bd2 Nd5 15.
Bc3 Qe6 16. Qb3 b6 17. Rfe1 Rad8 18. d4 Qg6 19. Nd2 Bc2 20. Qc4 b5 21. Qe2 b4
22. e4 bxc3 23. bxc3 Nxc3 24. Qc4 exd4 25. Nf3 Qe6 0-1

[Event "London Classic Women Inv"]
[Site "London ENG"]
[Date "2012.12.04"]
[Round "4"]
[White "Reppen,E"]
[Black "Smith,O"]
[Result "1/2-1/2"]
[BlackTitle "WF"]
[WhiteElo "2001"]
[BlackElo "2018"]
[WhiteFideId "1504959"]
[BlackFideId "411850"]
[EventDate "2012.12.01"]

1. e4 e5 2. Nf3 Nf6 3. Nxe5 d6 4. Nf3 Nxe4 5. d4 d5 6. Bd3 Be7 7. O-O Nc6 8. c3
Bg4 9. h3 Bh5 10. Re1 f5 11. Nbd2 Qd6 12. Qb3 O-O-O 13. Be2 g5 14. Nxe4 fxe4 15.
Ne5 Bxe2 16. Nxc6 Qxc6 17. Rxe2 h5 18. f3 Bf6 19. fxe4 dxe4 20. Be3 g4 21. Rf1
gxh3 22. Rf5 hxg2 23. Bf4 Be7 24. Rxg2 Rhf8 25. Rxf8 Rxf8 26. Be5 Qh6 27. Qd5 e3
28. Qc4 Bd6 29. Bxd6 Qxd6 30. Rg8 Rxg8+ 31. Qxg8+ Kd7 32. Qf7+ Qe7 33. Qd5+ Qd6
34. Qf7+ Qe7 35. Qd5+ Qd6 1/2-1/2

[Event "London Classic Women Inv"]
[Site "London ENG"]
[Date "2012.12.04"]
[Round "4"]
[White "Sandu,Mi"]
[Black "Mareckova,M"]
[Result "1/2-1/2"]
[WhiteTitle "WGM"]
[BlackTitle "WF"]
[WhiteElo "2199"]
[BlackElo "2080"]
[WhiteFideId "1204327"]
[BlackFideId "327930"]
[EventDate "2012.12.01"]

1. e4 e5 2. Nf3 Nc6 3. Bc4 Bc5 4. d3 Nf6 5. Bb3 d6 6. c3 Bb6 7. Nbd2 O-O 8. h3
Be6 9. O-O Bxb3 10. Qxb3 Nh5 11. Nc4 Rb8 12. Nxb6 axb6 13. d4 Qf6 14. d5 Nd8 15.
Bg5 Qg6 16. Qc4 f6 17. Be3 Qf7 18. g4 Nf4 19. Bxf4 exf4 20. Nd4 Qd7 21. f3 Re8
22. Ne2 g5 23. Nd4 Nf7 24. Nf5 Ne5 25. Qd4 Kf7 26. Qf2 Rh8 27. Kg2 h5 28. Rh1 h4
29. Rhd1 Ra8 30. Qe2 Ra4 31. b3 Raa8 32. a4 Ra5 33. Nd4 Rha8 34. Rab1 1/2-1/2

[Event "London Classic Women Inv"]
[Site "London ENG"]
[Date "2012.12.05"]
[Round "5"]
[White "Daulyte,D"]
[Black "Reppen,E"]
[Result "1-0"]
[WhiteTitle "WGM"]
[WhiteElo "2212"]
[BlackElo "2001"]
[WhiteFideId "12802859"]
[BlackFideId "1504959"]
[EventDate "2012.12.01"]

1. e4 e5 2. Nf3 Nc6 3. d4 exd4 4. Nxd4 Nf6 5. Nc3 Bb4 6. Nxc6 bxc6 7. Bd3 d5 8.
exd5 cxd5 9. O-O O-O 10. Bg5 Bxc3 11. bxc3 Qd6 12. Bxf6 Qxf6 13. Qh5 h6 14. Qxd5
Rb8 15. Qe4 g6 16. Qe3 Bf5 17. Qf4 Qxc3 18. Bxf5 gxf5 19. Qxf5 Rb6 20. Rae1 Rf6
21. Re3 Rxf5 22. Rxc3 c5 23. Rd1 Re8 24. Kf1 Re4 25. g3 Ra4 26. a3 Kg7 27. Rd6
h5 28. h4 Kf8 29. Rc6 Ra5 30. Rc7 Kg7 31. Ke2 Kg6 32. Rc6+ Kg7 33. Ke3 Re5+ 34.
Kd3 Rf5 35. f4 Rd5+ 36. Ke4 Rd4+ 37. Ke5 Rda4 38. R3xc5 Rxa3 39. Rxa5 Rxa5+ 40.
Kd4 Ra3 41. c3 Ra1 42. Rc5 Kg6 43. Rg5+ Kh6 44. c4 f6 45. Rg8 Kh7 46. Ra8 a5 47.
c5 a4 48. c6 Rc1 49. Kd5 Rd1+ 50. Ke6 Rc1 51. Kd7 Rd1+ 52. Kc8 Rc1 53. c7 Rc4
54. Kd7 1-0

[Event "London Classic Women Inv"]
[Site "London ENG"]
[Date "2012.12.05"]
[Round "5"]
[White "Bhatia,K"]
[Black "Owens,M"]
[Result "1/2-1/2"]
[WhiteTitle "WF"]
[WhiteElo "2057"]
[BlackElo "1847"]
[WhiteFideId "407496"]
[BlackFideId "1801996"]
[EventDate "2012.12.01"]

1. e4 c5 2. c3 g6 3. d4 cxd4 4. cxd4 d5 5. exd5 Nf6 6. Nc3 Nxd5 7. Bc4 Nb6 8.
Bb3 Bg7 9. Be3 Nc6 10. Nge2 O-O 11. O-O Bd7 12. a3 Na5 13. Ba2 Nac4 14. Bg5 h6
15. Bc1 Rc8 16. Re1 Bc6 17. Qd3 Ne5 18. Qh3 Bd7 19. Qg3 Nec4 20. Qh4 e5 21. Qxd8
Rfxd8 22. d5 Be8 23. b3 Nd6 24. Bb2 e4 25. Rab1 Nb5 26. Nxe4 Nxd5 27. Red1 Bxb2
28. Rxb2 Nf4 29. Nf6+ Kf8 30. Rf1 Nxe2+ 31. Rxe2 Nc3 32. Rxe8+ 1/2-1/2

[Event "London Classic Women Inv"]
[Site "London ENG"]
[Date "2012.12.05"]
[Round "5"]
[White "Kalaiyalahan,Akshaya"]
[Black "Olsarova,T"]
[Result "0-1"]
[BlackTitle "WIM"]
[WhiteElo "1750"]
[BlackElo "2267"]
[WhiteFideId "422894"]
[BlackFideId "325449"]
[EventDate "2012.12.01"]

1. d4 d5 2. Nf3 c6 3. c4 e6 4. Qc2 Nd7 5. e3 Ngf6 6. Bd3 Bd6 7. Nbd2 e5 8. dxe5
Nxe5 9. Nxe5 Bxe5 10. Nf3 Bc7 11. Bd2 O-O 12. cxd5 cxd5 13. Bc3 Ba5 14. b4 Bb6
15. O-O Bg4 16. Ne5 Bh5 17. Qb2 Qe7 18. Bb1 Rfd8 19. Nd3 Bg6 20. Nf4 Bxb1 21.
Raxb1 d4 22. Bxd4 Bxd4 23. exd4 Qd6 24. Ne2 Ng4 25. Ng3 h5 26. h3 h4 27. hxg4
hxg3 28. fxg3 Qxg3 29. Qf2 Qxf2+ 30. Rxf2 Rxd4 31. g5 Rad8 32. Rbb2 R8d5 33.
Rfc2 Rxg5 34. b5 Rd1+ 35. Kh2 Rh5+ 36. Kg3 Rd3+ 37. Kg4 Rhd5 38. b6 g6 39. bxa7
R5d4+ 40. Kg5 Kg7 41. g4 f6+ 42. Kh4 g5+ 43. Kh5 Rh3# 0-1

[Event "London Classic Women Inv"]
[Site "London ENG"]
[Date "2012.12.06"]
[Round "6"]
[White "Miturova,M"]
[Black "Olsarova,T"]
[Result "1-0"]
[WhiteTitle "WF"]
[BlackTitle "WIM"]
[WhiteElo "2157"]
[BlackElo "2267"]
[WhiteFideId "330221"]
[BlackFideId "325449"]
[EventDate "2012.12.01"]

1. d4 Nf6 2. e3 e6 3. Bd3 c5 4. c3 b6 5. f4 Bb7 6. Nf3 Qc7 7. O-O h6 8. Nbd2 Be7
9. Qe2 Nc6 10. e4 cxd4 11. Nxd4 O-O-O 12. Nb5 Qb8 13. e5 Ne8 14. a4 g5 15. Nc4
d5 16. Nca3 Ng7 17. Nc2 f6 18. Ncd4 fxe5 19. Nxc6 Bxc6 20. fxe5 Rhf8 21. Bd2 Nf5
22. Bxf5 exf5 23. Nd4 Bc5 24. b4 Bxd4+ 25. cxd4 Kb7 26. b5 Bd7 27. Bb4 Rfe8 28.
Qa2 Be6 29. a5 Qa8 30. Rfc1 a6 31. axb6 axb5 32. Qb2 1-0

[Event "London Classic Women Inv"]
[Site "London ENG"]
[Date "2012.12.06"]
[Round "6"]
[White "Reppen,E"]
[Black "Bhatia,K"]
[Result "1-0"]
[BlackTitle "WF"]
[WhiteElo "2001"]
[BlackElo "2057"]
[WhiteFideId "1504959"]
[BlackFideId "407496"]
[EventDate "2012.12.01"]

1. e4 e5 2. Nf3 Nc6 3. Bb5 a6 4. Ba4 Nf6 5. O-O Be7 6. d3 d6 7. c3 O-O 8. Nbd2
b5 9. Bc2 Re8 10. Re1 Nb8 11. Nf1 c5 12. Ng3 Nc6 13. h3 h6 14. d4 cxd4 15. cxd4
exd4 16. Nxd4 Nxd4 17. Qxd4 Qc7 18. Bd3 Be6 19. Be3 Rac8 20. a4 Bc4 21. axb5
Bxb5 22. Nf5 Qc5 23. Nxe7+ Rxe7 24. Rac1 Rd7 25. Bxb5 axb5 26. Rxc5 dxc5 27. Qe5
Rdc7 28. Bxh6 Rc6 29. Bc1 b4 30. Qg5 c4 31. e5 Nd5 32. Qg4 Re8 33. Qd7 1-0

[Event "London Classic Women Inv"]
[Site "London ENG"]
[Date "2012.12.06"]
[Round "6"]
[White "Mareckova,M"]
[Black "Smith,O"]
[Result "1-0"]
[WhiteTitle "WF"]
[BlackTitle "WF"]
[WhiteElo "2080"]
[BlackElo "2018"]
[WhiteFideId "327930"]
[BlackFideId "411850"]
[EventDate "2012.12.01"]

1. e4 e5 2. Nf3 Nf6 3. Nxe5 d6 4. Nxf7 Kxf7 5. d4 c6 6. Nc3 Be7 7. Bd3 Re8 8.
O-O Kg8 9. h3 Nbd7 10. f4 Qb6 11. Be3 Qxb2 12. Qe1 Qb4 13. e5 dxe5 14. fxe5 Nd5
15. Nxd5 cxd5 16. Qg3 Nf8 17. Rab1 Qc3 18. Qf3 Be6 19. Qh5 g6 20. Qh6 Qc7 21.
Rf3 b6 22. Rbf1 Ba3 23. Bb5 Rec8 24. Bg5 Be7 25. Bd2 a6 26. Bd3 b5 27. h4 Re8
28. h5 Qd7 29. hxg6 hxg6 30. Bxg6 Nxg6 31. Qxg6+ Kh8 32. Rf7 1-0

[Event "London Classic Women Inv"]
[Site "London ENG"]
[Date "2012.12.07"]
[Round "7"]
[White "Smith,O"]
[Black "Miturova,M"]
[Result "1/2-1/2"]
[WhiteTitle "WF"]
[BlackTitle "WF"]
[WhiteElo "2018"]
[BlackElo "2157"]
[WhiteFideId "411850"]
[BlackFideId "330221"]
[EventDate "2012.12.01"]

1. e4 e5 2. Nf3 Nc6 3. Bc4 Nf6 4. d3 Be7 5. O-O O-O 6. Re1 d6 7. a4 Be6 8. Nbd2
Qd7 9. a5 a6 10. c3 Rfe8 11. b4 d5 12. exd5 Nxd5 13. Qb3 Nf4 14. Bxe6 Nxe6 15.
Nc4 Bf6 16. Nfxe5 Nxe5 17. Nxe5 Bxe5 18. Rxe5 Qxd3 19. Be3 Rad8 1/2-1/2

[Event "London Classic Women Inv"]
[Site "London ENG"]
[Date "2012.12.07"]
[Round "7"]
[White "Daulyte,D"]
[Black "Mareckova,M"]
[Result "1/2-1/2"]
[WhiteTitle "WGM"]
[BlackTitle "WF"]
[WhiteElo "2212"]
[BlackElo "2080"]
[WhiteFideId "12802859"]
[BlackFideId "327930"]
[EventDate "2012.12.01"]

1. e4 e5 2. Nf3 Nc6 3. d4 exd4 4. Nxd4 Bc5 5. Nb3 Bb6 6. Qe2 d6 7. Nc3 Nf6 8.
Be3 Qe7 9. O-O-O Be6 10. Kb1 O-O-O 11. Bxb6 axb6 12. f3 Rhe8 13. g4 h6 14. h4 g5
15. hxg5 hxg5 16. Qd2 d5 17. exd5 Nxd5 18. Bb5 Nf4 19. Qf2 Rxd1+ 20. Rxd1 Rd8
21. Re1 Qf6 22. Ne4 Qg7 23. Bxc6 bxc6 24. Qf1 Bxb3 25. axb3 Kb7 26. b4 Ne6 27.
c3 Rd5 28. Kc2 Qh7 29. Ra1 Qh2+ 30. Kb3 b5 31. Re1 Qf4 32. Kc2 f5 33. gxf5 Qxf5
34. Qf2 g4 35. fxg4 Qxg4 36. Kb3 Qf5 37. Qe3 Qf4 38. Qxf4 Nxf4 39. Nc5+ Kc8 40.
Rf1 Ng6 41. Ra1 Kd8 42. Ra8+ Ke7 43. Rc8 Kd6 44. Re8 Ne7 45. Kc2 Rh5 46. Kd3 Rh4
47. b3 Rg4 48. Rh8 Rg8 49. Rh6+ Rg6 50. Rh7 Nd5 51. Rd7+ Ke5 52. c4 Rg3+ 53. Ke2
bxc4 54. bxc4 Nxb4 55. Rxc7 Kd4 56. Ne6+ Kxc4 57. Nd8 c5 58. Nb7 Rg5 59. Rxc5+
Rxc5 1/2-1/2

[Event "London Classic Women Inv"]
[Site "London ENG"]
[Date "2012.12.07"]
[Round "7"]
[White "Kalaiyalahan,Akshaya"]
[Black "Reppen,E"]
[Result "0-1"]
[WhiteElo "1750"]
[BlackElo "2001"]
[WhiteFideId "422894"]
[BlackFideId "1504959"]
[EventDate "2012.12.01"]

1. d4 Nf6 2. Nf3 g6 3. g3 Bg7 4. Bg2 O-O 5. O-O d5 6. c4 c6 7. Nbd2 Nbd7 8. b3
Re8 9. Bb2 h6 10. Qc2 Nb6 11. Rad1 Bf5 12. Qc1 Rc8 13. Qa1 Ne4 14. c5 Nd7 15. h3
g5 16. Nxe4 Bxe4 17. b4 a5 18. bxa5 Qxa5 19. Bc3 Qc7 20. Qb2 Ra8 21. Nd2 Bg6 22.
f4 Ra6 23. f5 Bh7 24. g4 Rea8 25. Ra1 Nf6 26. Rf2 h5 27. gxh5 Nxh5 28. Nf3 f6
29. Nd2 Nf4 30. Qc2 e6 31. e4 exf5 32. exf5 Qd7 33. Qd1 Bxf5 34. Qf3 Bxh3 35.
Bf1 Bg4 36. Qg3 Ra3 37. Nb1 R3a4 38. a3 f5 39. Raa2 Re8 40. Rab2 Bxd4 41. Bxd4
Rxd4 42. Rh2 Qg7 43. Qc3 Re7 44. Qa5 Rde4 45. Qa8+ Re8 46. Qxb7 Qxb7 47. Rxb7
R4e7 48. Rb6 Re6 49. Rb7 Nh5 50. Bd3 Re1+ 51. Kf2 Nf4 52. Bf1 R8e7 53. Rb8+ Re8
54. Rb7 Bh5 55. a4 Bf7 56. a5 d4 57. a6 R1e7 58. Rxe7 Rxe7 59. Rh6 Ng6 60. Rh5
Kg7 61. Rxg5 Kf6 62. Rg3 f4 63. Ra3 Ra7 64. Ra4 Ke5 65. Rb4 Bd5 66. Rb7 Ra8 67.
a7 Nh4 68. Na3 Nf5 69. Nc2 Ng3 70. Bd3 Ne4+ 71. Ke1 Nxc5 72. Re7+ Kd6 73. Rg7
Nxd3+ 74. Kd2 Ne5 75. Nxd4 Nf3+ 76. Nxf3 Bxf3 77. Rf7 Ke5 78. Kc3 Bd5 79. Kb4
Bxf7 0-1

[Event "33rd Crespi Memorial"]
[Site "Milan ITA"]
[Date "2012.12.06"]
[Round "6.4"]
[White "Brunello,S"]
[Black "Trella,T"]
[Result "1/2-1/2"]
[WhiteTitle "GM"]
[BlackTitle "FM"]
[WhiteElo "2583"]
[BlackElo "2404"]
[WhiteFideId "813613"]
[BlackFideId "24620513"]
[EventDate "2012.12.01"]

1. d4 e6 2. c4 Bb4+ 3. Bd2 a5 4. g3 d6 5. Nf3 Nc6 6. Bg2 e5 7. d5 Nce7 8. O-O
Nf6 9. Ne1 Bxd2 10. Qxd2 O-O 11. Nc3 Nd7 12. Nd3 f5 13. e4 fxe4 14. Nxe4 Ng6 15.
Rae1 b6 16. Ng5 Nc5 17. Nxc5 bxc5 18. Ne6 Bxe6 19. dxe6 Ra6 20. Be4 Qe7 21. f4
exf4 22. Bxg6 hxg6 23. Rxf4 Raa8 24. Rxf8+ Qxf8 25. e7 Qf7 26. b3 Re8 27. Qxa5
Rxe7 28. Qa8+ Kh7 29. Re4 g5 30. h3 Qf6 31. Rxe7 Qxe7 32. Kf2 Qf6+ 33. Qf3 Qb2+
34. Qe2 Qc3 35. Qh5+ Kg8 36. Qe8+ Kh7 37. Qh5+ Kg8 38. Qxg5 Qb2+ 39. Kf3 Qxa2
40. Qd5+ Kh8 41. Qh5+ Kg8 42. Qe8+ Kh7 43. Qe4+ Kh8 44. Qd3 Qb2 45. Kg4 Kg8 46.
h4 Kh8 47. Qf3 Qd4+ 48. Kh3 Qe5 49. g4 c6 50. Qxc6 Qe3+ 51. Kg2 Qe2+ 52. Kg3 1/2-1/2